[Event "Sparkassen Chess Trophy 2024 A-Open"]
[Site "Dortmund"]
[Date "2024.08.16"]
[Round "7"]
[White "Padilla Garcia, Cecilia Xasive"]
[Black "Herrmann, Jakob"]
[Result "0-1"]
[WhiteElo "1950"]
[BlackElo "2065"]
[PlyCount "56"]
[EventDate "2024.08.10"]

1. e4 c6 2. d4 d5 3. f3 Qb6 4. Nc3 dxe4 5. Nxe4 Na6 6. c3 Bf5 7. Qb3 e6 8. Qxb6 axb6 9. Bd3 b5 10. Bf4 Bg6 11. Ne2 Nf6 12. Nxf6+ gxf6 13. Bxg6 hxg6 14. a3 Nb8 15. Bxb8 Rxb8 16. f4 Ra8 17. O-O-O Bd6 18. Kc2 Ke7 19. g3 Rh5 20. Rdf1 Rah8 21. Rf2 g5 22. Kd2 Rh3 23. Ke1 gxf4 24. gxf4 f5 25. Kd2 b6 26. Ng1 Rxh2 27. Rhxh2 Rxh2 28. Rxh2 Bxf4+ {erfasst durch pgnApp - www.pgn-app.com} 0-1

[Event "Sparkassen Chess Trophy 2024 A-Open"]
[Site "Dortmund"]
[Date "2024.08.16"]
[Round "7"]
[White "Harutyunyan, Hovhannes"]
[Black "Manukonda Arun"]
[Result "0-1"]
[WhiteElo "1992"]
[BlackElo "1988"]
[PlyCount "72"]
[EventDate "2024.08.10"]

1. d4 d5 2. g3 Nf6 3. Bg2 e6 4. b3 Be7 5. Bb2 Ne4 6. Nf3 Nc6 7. O-O h5 8. Nbd2 f5 9. Ne5 Nxe5 10. dxe5 h4 11. Nxe4 fxe4 12. f3 hxg3 13. hxg3 exf3 14. Bxf3 Bc5+ 15. Kg2 Qg5 16. Qd3 Bd7 17. Bc1 Qxe5 18. Qg6+ Kd8 19. Bg5+ Kc8 20. Rh1 Rf8 21. Bf4 Qd4 22. Raf1 e5 23. Bc1 e4 24. Bg4 Rf2+ 25. Kh3 Bxg4+ 26. Qxg4+ Kb8 27. Rxf2 Qxf2 28. Qxg7 a6 29. Bf4 Ka7 30. Rd1 c6 31. Qc3 Bb6 32. Qd2 Rh8+ 33. Kg4 Qh2 34. Bg5 Qh3+ 35. Kf4 Rf8+ 36. Ke5 Qxg3+ {erfasst durch pgnApp - www.pgn-app.com} 0-1

[Event "Sparkassen Chess Trophy 2024 A-Open"]
[Site "Dortmund"]
[Date "2024.08.16"]
[Round "7"]
[White "Canino, Ruelle"]
[Black "Rodriguez, Augustin"]
[Result "1-0"]
[WhiteElo "1908"]
[BlackElo "2079"]
[PlyCount "115"]
[EventDate "2024.08.10"]

1. c4 e6 2. Nf3 d5 3. g3 Nf6 4. Bg2 Be7 5. O-O O-O 6. d4 c6 7. Nbd2 b6 8. Qc2 Bb7 9. e4 c5 10. exd5 exd5 11. dxc5 Bxc5 12. Nb3 Be7 13. cxd5 Nxd5 14. Rd1 Na6 15. Nfd4 Ndb4 16. Qe2 Bxg2 17. Nf5 Qc7 18. Nxe7+ Kh8 19. Kxg2 Rfe8 20. Bf4 Rxe7 21. Qf3 Qb7 22. Qxb7 Rxb7 23. a3 Nc6 24. Rd6 Nd8 25. Rad1 Ne6 26. Be5 Kg8 27. f4 Nf8 28. Bc3 Rc8 29. Rd8 Rxd8 30. Rxd8 Rd7 31. Ra8 Nc5 32. Nxc5 bxc5 33. Rc8 f6 34. Rxc5 Ne6 35. Rc4 Rc7 36. Rxc7 Nxc7 37. Kf3 Kf7 38. Ke4 Ke6 39. f5+ Kd7 40. Bb4 Kc6 41. Bf8 Ne8 42. g4 g6 43. h4 a5 44. a4 Nc7 45. fxg6 hxg6 46. h5 f5+ 47. Ke5 gxh5 48. gxh5 f4 49. Bh6 f3 50. Be3 Nd5 51. Bf2 Nb6 52. h6 Nd7+ 53. Ke4 Nf8 54. Kxf3 Kd5 55. b3 Nd7 56. h7 Ne5+ 57. Kf4 Ke6 58. Bb6 {erfasst durch pgnApp - www.pgn-app.com} 1-0

[Event "Sparkassen Chess Trophy 2024 A-Open"]
[Site "Dortmund"]
[Date "2024.08.16"]
[Round "7"]
[White "Wezel, Sebastian"]
[Black "Meuer, David"]
[Result "0-1"]
[WhiteElo "1939"]
[BlackElo "2087"]
[PlyCount "48"]
[EventDate "2024.08.10"]

1. e4 e6 2. d4 d5 3. Nc3 Bb4 4. e5 Ne7 5. a3 Bxc3+ 6. bxc3 c5 7. Nf3 Bd7 8. Rb1 Qc7 9. Bd3 c4 10. Be2 Ba4 11. h4 Nd7 12. h5 h6 13. Nh4 O-O-O 14. Be3 Rdg8 15. Bg4 Qc6 16. f4 g6 17. Kd2 Nf8 18. Bh3 g5 19. fxg5 hxg5 20. Nf3 g4 21. Ng5 gxh3 22. Rxh3 Nf5 23. Nxf7 Rxg2+ 24. Kc1 Rxc2+ {erfasst durch pgnApp - www.pgn-app.com} 0-1

[Event "Sparkassen Chess Trophy 2024 A-Open"]
[Site "Dortmund"]
[Date "2024.08.16"]
[Round "7"]
[White "Zwirs, Jasper"]
[Black "Vihan, Shourya"]
[Result "1-0"]
[WhiteElo "2088"]
[BlackElo "1998"]
[PlyCount "107"]
[EventDate "2024.08.10"]

1. d4 d5 2. Nc3 Nf6 3. Bf4 a6 4. e3 Bf5 5. Nf3 h6 6. Bd3 Bxd3 7. cxd3 e6 8. e4 c5 9. e5 cxd4 10. Nxd4 Nfd7 11. Qh5 Qe7 12. O-O Nc6 13. Nxc6 bxc6 14. d4 g6 15. Qe2 Bg7 16. Qd2 g5 17. Be3 c5 18. Rae1 Nxe5 19. dxe5 d4 20. Qc2 Rd8 21. Ne4 dxe3 22. Nd6+ Rxd6 23. exd6 Qxd6 24. Qa4+ Ke7 25. fxe3 Be5 26. Rd1 Bxh2+ 27. Kh1 Qc7 28. Rxf7+ Kxf7 29. Rd7+ Kf6 30. Rxc7 Bxc7 31. Qxa6 Rd8 32. Qe2 Be5 33. g4 Rb8 34. b3 Rh8 35. Kg2 Ke7 36. Qd3 Bd6 37. Qg6 Be5 38. Kf3 Bf6 39. Ke4 Ra8 40. Qh7+ Kd6 41. Qxh6 Be7 42. Qh2+ Kd7 43. Kd3 Bd6 44. Qg2 Ra7 45. a4 Rc7 46. Kc4 Rc8 47. Qb7+ Rc7 48. Qf3 Rc8 49. a5 Rh8 50. a6 Rh4 51. Kc3 Be5+ 52. Kc2 c4 53. a7 cxb3+ 54. Kb1 {erfasst durch pgnApp - www.pgn-app.com} 1-0

[Event "Sparkassen Chess Trophy 2024 A-Open"]
[Site "Dortmund"]
[Date "2024.08.16"]
[Round "7"]
[White "Metzdorf, Matteo"]
[Black "Hagenmeyer, Felix"]
[Result "1/2-1/2"]
[WhiteElo "2098"]
[BlackElo "1998"]
[PlyCount "77"]
[EventDate "2024.08.10"]

1. e4 c5 2. Nf3 e6 3. d4 cxd4 4. Nxd4 a6 5. c4 Nf6 6. Nc3 Qc7 7. a3 b6 8. Be3 Bb7 9. f3 Nc6 10. Be2 Ne5 11. Rc1 Ng6 12. Qd2 Be7 13. b4 O-O 14. Nb3 Rab8 15. c5 b5 16. a4 bxa4 17. Nxa4 d5 18. cxd6 Qxd6 19. Qxd6 Bxd6 20. Bc5 Rfd8 21. Rd1 Be5 22. Kf2 Nf4 23. Rxd8+ Rxd8 24. Rd1 Rxd1 25. Bxd1 Bc6 26. Nc1 Bb5 27. g3 Nd3+ 28. Nxd3 Bxd3 29. Ke3 Bb5 30. Bd4 Bd6 31. Bc3 Nd7 32. Bb3 Nb8 33. e5 Be7 34. Nc5 a5 35. Nd3 Bxd3 36. Kxd3 axb4 37. Bd4 Nc6 38. Ba4 Nxd4 39. Kxd4 {erfasst durch pgnApp - www.pgn-app.com} 1/2-1/2

[Event "Sparkassen Chess Trophy 2024 A-Open"]
[Site "Dortmund"]
[Date "2024.08.16"]
[Round "7"]
[White "Riechenberg, Sebastian"]
[Black "Cornelisse, Sam"]
[Result "0-1"]
[WhiteElo "1951"]
[BlackElo "2119"]
[PlyCount "50"]
[EventDate "2024.08.10"]

1. d4 d5 2. c4 e6 3. Nc3 Nf6 4. cxd5 exd5 5. Bg5 c6 6. e3 h6 7. Bh4 Be7 8. Bd3 O-O 9. Nge2 Re8 10. Qc2 Nbd7 11. O-O Nh5 12. Bxe7 Qxe7 13. Rab1 Nb6 14. Bh7+ Kh8 15. Bf5 g6 16. Bxc8 Raxc8 17. b4 Nc4 18. Qd3 b5 19. Rfe1 Kg7 20. a4 a6 21. Nc1 bxa4 22. Nxa4 Nf4 23. Qb3 Nd2 24. Qc2 Nf3+ 25. Kf1 Nxh2+ {erfasst durch pgnApp - www.pgn-app.com} 0-1

[Event "Sparkassen Chess Trophy 2024 A-Open"]
[Site "Dortmund"]
[Date "2024.08.16"]
[Round "7"]
[White "Goldinov, Daniel"]
[Black "Burkart, Lloyd Shang"]
[Result "1/2-1/2"]
[WhiteElo "1989"]
[BlackElo "2123"]
[PlyCount "35"]
[EventDate "2024.08.10"]

1. e4 c5 2. Nc3 Nc6 3. Bb5 Nd4 4. Bc4 e6 5. Nf3 a6 6. a4 Nf6 7. O-O d5 8. exd5 exd5 9. Nxd5 Nxd5 10. Nxd4 cxd4 11. Qh5 Be6 12. Re1 Nf4 13. Qg4 Be7 14. Qxg7 Bf6 15. Qh6 Bg5 16. Qg7 Qf6 17. Qxf6 Bxf6 18. d3 {Erfassung abgebrochen - unleserlich; erfasst durch pgnApp - www.pgn-app.com} 1/2-1/2

[Event "Sparkassen Chess Trophy 2024 A-Open"]
[Site "Dortmund"]
[Date "2024.08.16"]
[Round "7"]
[White "Giacomini, Hector"]
[Black "Buchinger, Alexis"]
[Result "0-1"]
[WhiteElo "2125"]
[BlackElo "1991"]
[PlyCount "184"]
[EventDate "2024.08.10"]

1. Nf3 d5 2. e3 Nf6 3. d4 c5 4. Be2 Bg4 5. h3 Bxf3 6. Bxf3 cxd4 7. exd4 e6 8. O-O Nc6 9. Re1 Be7 10. c3 O-O 11. Bf4 b5 12. a4 Qb6 13. axb5 Qxb5 14. b4 a5 15. Na3 Qb6 16. b5 Bxa3 17. bxc6 Be7 18. Qa4 Rfc8 19. c7 Bd6 20. Bxd6 Qxd6 21. c4 Rxc7 22. c5 Qc6 23. Reb1 Qxa4 24. Rxa4 g6 25. Rb6 Rca7 26. Kf1 Kf8 27. Ke2 Ke7 28. Ke3 Nd7 29. Rb2 Rb8 30. Rba2 Rba8 31. Be2 Kd8 32. Bb5 Kc7 33. Bxd7 Kxd7 34. Kf4 f6 35. Ke3 Kc6 36. f4 h5 37. g3 Kb5 38. Kd3 Re7 39. R4a3 Rb7 40. Ra4 Kc6 41. Ke3 Rb1 42. Kf2 Kb5 43. Ra1 Rb4 44. Rxb4+ Kxb4 45. Ke3 Kc3 46. c6 Kb2 47. Ra4 Kb3 48. Ra1 a4 49. Rb1+ Kc2 50. Rb7 a3 51. c7 a2 52. Rb8 Rxb8 53. cxb8=Q a1=Q 54. Qb6 Qc3+ 55. Kf2 Qd2+ 56. Kf3 Qc3+ 57. Kf2 Kd3 58. Qxe6 Qxd4+ 59. Kf1 Qe4 60. Qa6+ Ke3 61. Kg1 Qd4 62. Qf1 Qd2 63. f5 g5 64. h4 Kd4 65. Qa1+ Ke4 66. hxg5 Qxg5 67. Qb1+ Ke5 68. Qe1+ Kxf5 69. Qf2+ Kg4 70. Kg2 Qe5 71. Qf3+ Kg5 72. Qa3 d4 73. Qf8 Qe2+ 74. Kh3 d3 75. Qg7+ Kf5 76. Qd7+ Kg6 77. Qd8 Qg4+ 78. Kh2 Qe2+ 79. Kh3 Qe4 80. Qg8+ Kf5 81. Qh7+ Ke5 82. Qe7+ Kd5 83. Qd8+ Kc4 84. Qc7+ Kd4 85. Qb6+ Kc4 86. Qc7+ Kb3 87. Qb6+ Kc2 88. Qc5+ Kd1 89. Qxh5+ Qe2 90. Qf5 Qe3 91. Qxf6 d2 92. Qf1+ Kc2 {Erfassung abgebrochen - unleserlich; erfasst durch pgnApp - www.pgn-app.com} 0-1

[Event "Sparkassen Chess Trophy 2024 A-Open"]
[Site "Dortmund"]
[Date "2024.08.16"]
[Round "7"]
[White "Reuter, Julian-Frank"]
[Black "Udelnov, Valentin"]
[Result "1-0"]
[WhiteElo "2091"]
[BlackElo "2037"]
[PlyCount "63"]
[EventDate "2024.08.10"]

1. Nf3 Nf6 2. g3 g6 3. b3 Bg7 4. Bb2 O-O 5. Bg2 d6 6. d4 b5 7. O-O Bb7 8. Qd3 a6 9. c4 e6 10. Nbd2 Nbd7 11. Rfe1 Rb8 12. Qc2 c5 13. Rac1 Qe7 14. Red1 Rfc8 15. Qb1 cxd4 16. Nxd4 Bxg2 17. Kxg2 Nc5 18. Kg1 bxc4 19. Nxc4 e5 20. Nc2 Rd8 21. N2e3 h5 22. Nd5 Nxd5 23. Rxd5 h4 24. Rcd1 hxg3 25. hxg3 Kh7 26. Rxd6 Rh8 27. R1d5 Nb7 28. Rd7 Qe6 29. Nxe5 Kg8 30. Nxf7 Rh5 31. Ng5 Rxg5 32. Rxg7+ {erfasst durch pgnApp - www.pgn-app.com} 1-0

[Event "Sparkassen Chess Trophy 2024 A-Open"]
[Site "Dortmund"]
[Date "2024.08.16"]
[Round "7"]
[White "Gieseler, Felix"]
[Black "Guo, Philipp Ziming"]
[Result "0-1"]
[WhiteElo "1960"]
[BlackElo "2146"]
[PlyCount "104"]
[EventDate "2024.08.10"]

1. e4 c5 2. Nf3 d6 3. d4 cxd4 4. Nxd4 Nf6 5. Nc3 a6 6. Be2 e5 7. Nb3 Be6 8. O-O Be7 9. f4 O-O 10. Kh1 Bd7 11. Be3 Bc6 12. fxe5 dxe5 13. Bd3 b5 14. Qf3 b4 15. Ne2 Nbd7 16. Ng3 g6 17. Rad1 Qc7 18. h4 a5 19. Bh6 Rfc8 20. Nf5 Bf8 21. Bxf8 Rxf8 22. Nh6+ Kg7 23. Ng4 Nxg4 24. Qxg4 h5 25. Qg3 Ra7 26. Qf2 Qb6 27. Nd2 Qxf2 28. Rxf2 Nc5 29. Nc4 f6 30. Re1 a4 31. Re3 Rd7 32. b3 axb3 33. axb3 Rd4 34. Rfe2 Rfd8 35. Nb2 Ra8 36. Re1 f5 37. exf5 Rxh4+ 38. Kg1 e4 39. Be2 Rf4 40. fxg6 Kxg6 41. Rg3+ Kh6 42. Nc4 h4 43. Rg4 Rxg4 44. Bxg4 Kg5 45. Ne3 Kf4 46. Kf2 Ra2 47. Re2 Bb5 48. Bh5 Bxe2 49. Bxe2 Nd3+ 50. Bxd3 exd3 51. Nd5+ Ke4 52. Nxb4 Rxc2+ {erfasst durch pgnApp - www.pgn-app.com} 0-1

[Event "Sparkassen Chess Trophy 2024 A-Open"]
[Site "Dortmund"]
[Date "2024.08.16"]
[Round "7"]
[White "Matsumura, Cocoro"]
[Black "Schwibbert, Jonas"]
[Result "0-1"]
[WhiteElo "1999"]
[BlackElo "2147"]
[PlyCount "48"]
[EventDate "2024.08.10"]

1. e4 e5 2. Nf3 Nc6 3. Bb5 Nf6 4. O-O Nxe4 5. Re1 Nd6 6. Nxe5 Be7 7. Bf1 O-O 8. d4 Nxe5 9. dxe5 Nf5 10. Nc3 c6 11. Bd3 d5 12. Qf3 Nh4 13. Qh5 g6 14. Qe2 Bf5 15. Bf4 Qd7 16. Rad1 Rfc8 17. Bxf5 Nxf5 18. Ne4 Qc7 19. Ng5 Qb6 20. c3 Rd8 21. Qf3 h6 22. Nxf7 Kxf7 23. Be3 d4 24. Bxd4 c5 {Erfassung abgebrochen - unleserlich; erfasst durch pgnApp - www.pgn-app.com} 0-1

[Event "Sparkassen Chess Trophy 2024 A-Open"]
[Site "Dortmund"]
[Date "2024.08.16"]
[Round "7"]
[White "Sheng, Ming"]
[Black "Mainka, Alwin"]
[Result "0-1"]
[WhiteElo "2035"]
[BlackElo "2240"]
[PlyCount "112"]
[EventDate "2024.08.10"]

1. e4 c5 2. Nf3 d6 3. d4 cxd4 4. Nxd4 Nf6 5. Nc3 g6 6. f3 Bg7 7. Be3 Nc6 8. Qd2 O-O 9. O-O-O d5 10. Nxc6 bxc6 11. Bh6 Be6 12. Bxg7 Kxg7 13. exd5 cxd5 14. g4 Qc7 15. h4 h6 16. Qd4 Kh7 17. Bd3 Qb6 18. Qxb6 axb6 19. a3 h5 20. g5 Ne8 21. Ne2 Bd7 22. Nf4 e6 23. Nxh5 Ra4 24. Ng3 Ng7 25. Rdf1 Nf5 26. Nxf5 gxf5 27. h5 Kg7 28. Rfg1 Rh8 29. g6 Rh6 30. gxf7+ Kxf7 31. Rg5 Be8 32. Rg6 Rh7 33. Rhg1 Rh4 34. h6 R4xh6 35. Rxh6 Rxh6 36. f4 Rh2 37. b3 b5 38. Kb2 d4 39. Re1 Bc6 40. Re2 Rh4 41. Rf2 Ke7 42. Bf1 Kd6 43. c3 dxc3+ 44. Kxc3 Kc5 45. b4+ Kd6 46. Rd2+ Kc7 47. Rf2 Rg4 48. Bd3 Kd6 49. Rd2 Rg3 50. Kd4 Rf3 51. Be2 Rxa3 52. Rc2 Rb3 53. Rd2 Bd5 54. Ra2 Rxb4+ 55. Kc3 Rxf4 56. Rb2 Bc4 {erfasst durch pgnApp - www.pgn-app.com} 0-1

[Event "Sparkassen Chess Trophy 2024 A-Open"]
[Site "Dortmund"]
[Date "2024.08.16"]
[Round "7"]
[White "Spriestersbach, Kai"]
[Black "Krams, Amatus"]
[Result "1/2-1/2"]
[WhiteElo "2164"]
[BlackElo "1902"]
[PlyCount "40"]
[EventDate "2024.08.10"]

1. e4 c6 2. d4 d5 3. e5 Bf5 4. h4 h5 5. Bd3 Bxd3 6. Qxd3 e6 7. Nf3 Qa5+ 8. Nbd2 Qa6 9. c4 Ne7 10. O-O Nd7 11. b3 Nf5 12. Qc3 Be7 13. g3 Qb6 14. a4 Qd8 15. Ba3 Bxa3 16. Rxa3 O-O 17. Ng5 Qe7 18. Ra2 Rac8 19. c5 b6 20. b4 a5 {erfasst durch pgnApp - www.pgn-app.com} 1/2-1/2

[Event "Sparkassen Chess Trophy 2024 A-Open"]
[Site "Dortmund"]
[Date "2024.08.16"]
[Round "7"]
[White "Della Sala, Bruno"]
[Black "Gallas, Noel"]
[Result "1/2-1/2"]
[WhiteElo "2010"]
[BlackElo "2053"]
[PlyCount "79"]
[EventDate "2024.08.10"]

1. e4 e6 2. d4 d5 3. e5 c5 4. c3 Nc6 5. Nf3 Qb6 6. a3 Nh6 7. b4 cxd4 8. cxd4 Nf5 9. Bb2 Bd7 10. g4 Nfe7 11. Nc3 Na5 12. Nd2 Rc8 13. Rc1 h5 14. g5 Nf5 15. Na4 Rxc1 16. Qxc1 Bxa4 17. bxa5 Qc6 18. Qxc6+ bxc6 19. Bd3 Be7 20. Nf3 Kd7 21. Kd2 Rb8 22. Bc3 Rb7 23. Rb1 Rxb1 24. Bxb1 Bxa3 25. Bxf5 exf5 26. Nh4 g6 27. Ng2 Be7 28. h4 Bb5 29. Nf4 Ba6 30. Ke3 Bc8 31. e6+ Ke8 32. exf7+ Kxf7 33. Nd3 Bd6 34. f4 Bb7 35. Bb4 Bc7 36. Ne5+ Kg7 37. Kd2 Bb8 38. Ke3 Bc7 39. Kd2 Bd8 40. Ke3 {erfasst durch pgnApp - www.pgn-app.com} 1/2-1/2

[Event "Sparkassen Chess Trophy 2024 A-Open"]
[Site "Dortmund"]
[Date "2024.08.16"]
[Round "7"]
[White "Diduh, Ihor"]
[Black "Ranieri, Pierpaolo"]
[Result "1-0"]
[WhiteElo "2058"]
[BlackElo "1909"]
[PlyCount "103"]
[EventDate "2024.08.10"]

1. e4 d5 2. exd5 Qxd5 3. d4 e5 4. Nf3 Nc6 5. Nc3 Bb4 6. Bd2 Bxc3 7. Bxc3 e4 8. Ne5 Nxe5 9. dxe5 Ne7 10. Qd4 Qxd4 11. Bxd4 O-O 12. O-O-O Nc6 13. Bb5 Bg4 14. Bxc6 bxc6 15. Rd2 a5 16. Re1 Bf5 17. h3 h5 18. g4 hxg4 19. hxg4 Bg6 20. Red1 a4 21. a3 Rad8 22. Bc3 Rxd2 23. Rxd2 f5 24. e6 Re8 25. Rd7 Rxe6 26. Rxg7+ Kf8 27. gxf5 Bxf5 28. Rxc7 Ke8 29. Bd2 Rd6 30. Bb4 Rh6 31. Bc5 Kd8 32. Ra7 Rh1+ 33. Kd2 Kc8 34. Rxa4 Rh4 35. Ra7 Rh7 36. Rxh7 Bxh7 37. c4 Kb7 38. b4 Ka6 39. Ke3 Bg6 40. Kd4 Bh7 41. Ke5 Bg6 42. Be3 Kb7 43. Kd6 Bf7 44. Kc5 Be8 45. a4 Ka6 46. b5+ Kb7 47. a5 cxb5 48. cxb5 Bf7 49. a6+ Ka8 50. b6 Be8 51. b7+ Ka7 52. Bf4 {erfasst durch pgnApp - www.pgn-app.com} 1-0

[Event "Sparkassen Chess Trophy 2024 A-Open"]
[Site "Dortmund"]
[Date "2024.08.16"]
[Round "7"]
[White "Sabirov, Rafael"]
[Black "Zamengo, Bruno"]
[Result "1-0"]
[WhiteElo "2123"]
[BlackElo "1932"]
[PlyCount "80"]
[EventDate "2024.08.10"]

1. e4 e6 2. d4 d5 3. Nc3 a6 4. Be3 dxe4 5. Nxe4 Nd7 6. Nf3 Be7 7. g3 b6 8. Bg2 Bb7 9. Ne5 Rb8 10. O-O Ngf6 11. Nxf6+ Bxf6 12. Nc6 Bxc6 13. Bxc6 O-O 14. Qe2 b5 15. a4 bxa4 16. c3 Nb6 17. Rfb1 Qd6 18. Bxa4 e5 19. dxe5 Bxe5 20. Bc2 Rfe8 21. Rxa6 Qe7 22. Ra7 g6 23. Qb5 Nd7 24. Qc6 Red8 25. b3 Bd6 26. Qe4 Qf8 27. Rba1 Re8 28. Qc4 Ne5 29. Qa4 Qe7 30. Bd1 Nd7 31. Bf3 Nc5 32. Qc4 Nxb3 33. Rd1 Qf8 34. Rd5 Rxe3 35. fxe3 Qh6 36. Qe2 Bc5 37. Rxc5 Nxc5 38. Rxc7 Ne6 39. Rb7 Rd8 40. Kf2 f5 {erfasst durch pgnApp - www.pgn-app.com} 1-0

[Event "Sparkassen Chess Trophy 2024 A-Open"]
[Site "Dortmund"]
[Date "2024.08.16"]
[Round "7"]
[White "Stevens, Titus"]
[Black "Akhmatovski, Maxim"]
[Result "1-0"]
[WhiteElo "2005"]
[BlackElo "2078"]
[PlyCount "147"]
[EventDate "2024.08.10"]

1. c4 e6 2. g3 d5 3. Bg2 dxc4 4. Qa4+ Nd7 5. Qxc4 c5 6. a4 Ngf6 7. a5 Rb8 8. Nc3 Be7 9. d3 O-O 10. Nf3 e5 11. O-O b5 12. axb6 axb6 13. Ra7 Bb7 14. Nb5 Bd5 15. Qa4 Ra8 16. Rxa8 Qxa8 17. Qxa8 Bxa8 18. Bd2 Bc6 19. Na7 Bd5 20. e4 Bb7 21. Bc3 Bd6 22. Nb5 Bb8 23. Ra1 Rc8 24. Bh3 Re8 25. Nd2 Bc6 26. Na7 Bxa7 27. Rxa7 Bb5 28. Nc4 Bxc4 29. dxc4 Rd8 30. f3 Kf8 31. Kf2 Ke8 32. Ke3 Nb8 33. Bxe5 Nc6 34. Bxf6 Nxa7 35. Bxd8 Kxd8 36. e5 Nc6 37. Ke4 Ke7 38. f4 Nb4 39. Bf1 Nc6 40. Be2 Nd4 41. Bd1 Nc6 42. h4 h6 43. h5 Nb4 44. Kf5 Nd3 45. b3 Nb4 46. g4 Nc6 47. g5 Nd4+ 48. Ke4 hxg5 49. fxg5 Ne6 50. Kd5 Nxg5 51. Bg4 f6 52. e6 f5 53. Bxf5 Nf3 54. Bg4 Nd4 55. b4 Nc2 56. bxc5 Nb4+ 57. Kd4 Nc6+ 58. Ke4 bxc5 59. Kd5 Nb4+ 60. Kxc5 Nd3+ 61. Kb5 Ne5 62. Bh3 Nf3 63. c5 Kd8 64. Kb6 Ne5 65. Kb7 Nc4 66. Bf1 Ne3 67. Bb5 Ke7 68. Bd7 Kd8 69. Kb6 Ke7 70. Kc6 Ng4 71. Kb7 Ne5 72. c6 Nc4 73. c7 Nd6+ 74. Kb8 {erfasst durch pgnApp - www.pgn-app.com} 1-0

[Event "Sparkassen Chess Trophy 2024 A-Open"]
[Site "Dortmund"]
[Date "2024.08.16"]
[Round "7"]
[White "Steinle, Carsten"]
[Black "Kiese, Matthias"]
[Result "0-1"]
[WhiteElo "2017"]
[BlackElo "2106"]
[PlyCount "115"]
[EventDate "2024.08.10"]

1. Nf3 Nf6 2. d4 d5 3. c4 e6 4. Nc3 Be7 5. Bf4 O-O 6. e3 Nbd7 7. Bd3 dxc4 8. Bxc4 a6 9. O-O b5 10. Bd3 Bb7 11. Ne5 c5 12. Ne2 cxd4 13. Nxd7 Qxd7 14. Nxd4 Qd5 15. Qf3 Qxd4 16. Qxb7 Qxd3 17. Qxe7 Nd5 18. Qh4 Rac8 19. Qg3 Rc2 20. Rfd1 Qc4 21. Rac1 Nxf4 22. exf4 h6 23. Rxc2 Qxc2 24. Qb3 Rc8 25. g3 Qxb3 26. axb3 Rc2 27. Ra1 Rxb2 28. Rxa6 Rxb3 29. Ra8+ Kh7 30. Kg2 h5 31. Rb8 Kg6 32. Rb7 b4 33. h3 Kf6 34. Rb5 g6 35. Rb7 h4 36. g4 Rb1 37. Kf3 Rb3+ 38. Kg2 Rb1 39. Kf3 b3 40. g5+ Kg7 41. Kg4 b2 42. Kxh4 Kf8 43. Rb8+ Ke7 44. Rb6 Kd7 45. Rb8 Kc6 46. Rb3 Kd5 47. Rb4 Kc5 48. Rb8 Kc4 49. Rb7 Kc3 50. Rc7+ Kd3 51. Rb7 Ke4 52. Rb3 Kxf4 53. Rb7 Ke4 54. Rb4+ Kd3 55. Rb7 e5 56. f3 Ke3 57. Rb3+ Kf2 58. f4 {erfasst durch pgnApp - www.pgn-app.com} 0-1

[Event "Sparkassen Chess Trophy 2024 A-Open"]
[Site "Dortmund"]
[Date "2024.08.16"]
[Round "7"]
[White "Lang, Daniel"]
[Black "Lettko, Michael"]
[Result "1/2-1/2"]
[WhiteElo "2138"]
[BlackElo "1937"]
[PlyCount "62"]
[EventDate "2024.08.10"]

1. d4 d5 2. c4 dxc4 3. e3 Nf6 4. Bxc4 e6 5. Nf3 c5 6. O-O a6 7. Qe2 b5 8. Bd3 Nbd7 9. a4 c4 10. Bc2 Bb7 11. b3 cxb3 12. Bxb3 bxa4 13. Rxa4 Bd6 14. Nbd2 Nb6 15. Ra2 O-O 16. Nc4 Nxc4 17. Bxc4 Nd5 18. Bd2 a5 19. Rfa1 Nb4 20. Rb2 Qc7 21. h3 Rfc8 22. Bb5 Qb6 23. Ba4 Rab8 24. Ne5 Bxe5 25. dxe5 Qc5 26. Bxb4 axb4 27. Qb5 Be4 28. Qxc5 Rxc5 29. Bd7 h6 30. Ra4 Rxe5 31. Rbxb4 Rxb4 {erfasst durch pgnApp - www.pgn-app.com} 1/2-1/2

[Event "Sparkassen Chess Trophy 2024 A-Open"]
[Site "Dortmund"]
[Date "2024.08.16"]
[Round "7"]
[White "Kurt, Sascha"]
[Black "Kummerow, Heiko"]
[Result "1-0"]
[WhiteElo "2064"]
[BlackElo "2117"]
[PlyCount "53"]
[EventDate "2024.08.10"]

1. e4 c5 2. Nf3 d6 3. d4 cxd4 4. Nxd4 Nf6 5. Nc3 a6 6. h3 e5 7. Nf3 h6 8. g4 Qc7 9. Be3 Nbd7 10. g5 hxg5 11. Nxg5 Be7 12. Qf3 Rf8 13. O-O-O b5 14. Bd3 Bb7 15. Kb1 Rc8 16. h4 b4 17. Ne2 d5 18. Ng3 dxe4 19. N5xe4 Nxe4 20. Nxe4 Qc6 21. Rhg1 g6 22. Qg3 f5 23. Nd6+ Bxd6 24. Qxg6+ Kd8 25. Bxf5 Kc7 26. Be4 Rf6 27. Bxc6 {erfasst durch pgnApp - www.pgn-app.com} 1-0

[Event "Sparkassen Chess Trophy 2024 A-Open"]
[Site "Dortmund"]
[Date "2024.08.16"]
[Round "7"]
[White "Weigand, Anton"]
[Black "Brotto, Alessandro"]
[Result "1-0"]
[WhiteElo "2115"]
[BlackElo "2037"]
[PlyCount "125"]
[EventDate "2024.08.10"]

1. e4 e5 2. Nf3 Nf6 3. Bb5 a6 4. Ba4 Nc6 5. Nc3 b5 6. Bb3 d6 7. Ng5 d5 8. Nxd5 Nd4 9. Nf3 Bg4 10. c3 Nxb3 11. Nxf6+ Qxf6 12. axb3 Bc5 13. h3 Bf5 14. d3 O-O 15. O-O Qe6 16. b4 Bd6 17. Ng5 Qh6 18. g4 Bg6 19. Kg2 Qh4 20. Be3 h6 21. Nf3 Qe7 22. Ra5 c5 23. bxc5 Bxc5 24. Bxc5 Qxc5 25. Nh4 Qb6 26. Qa1 Qd8 27. Nxg6 fxg6 28. Rxa6 Rxa6 29. Qxa6 Qxd3 30. Qe6+ Kh7 31. f3 Qd2+ 32. Rf2 Qf4 33. Qd7 Rb8 34. Qd2 Qf6 35. Qe3 b4 36. c4 Qc6 37. b3 Ra8 38. Qd2 Qb6 39. Qd5 Ra3 40. c5 Qc7 41. Qc4 Ra1 42. Qxb4 Rc1 43. Qb6 Qd7 44. Qd6 Qb5 45. Qxe5 Qxb3 46. Qd4 Qb5 47. Rb2 Qf1+ 48. Kg3 Qe1+ 49. Qf2 Qc3 50. Kg2 Qe5 51. Rc2 Rd1 52. c6 Rd8 53. c7 Rc8 54. Qc5 Qf4 55. Qc6 h5 56. Qd7 Rf8 57. Rf2 Qc1 58. Qd8 Kg8 59. e5 Qc6 60. Qd6 Qb7 61. e6 Rc8 62. e7 Kf7 63. Qd8 {erfasst durch pgnApp - www.pgn-app.com} 1-0

[Event "Sparkassen Chess Trophy 2024 A-Open"]
[Site "Dortmund"]
[Date "2024.08.16"]
[Round "7"]
[White "Frayna, Janelle Mae"]
[Black "Kock, Stefan"]
[Result "1-0"]
[WhiteElo "2162"]
[BlackElo "2029"]
[PlyCount "75"]
[EventDate "2024.08.10"]

1. e4 c5 2. Nf3 a6 3. c3 d5 4. exd5 Nf6 5. c4 e6 6. dxe6 Bxe6 7. Be2 Nc6 8. O-O Qc7 9. d4 cxd4 10. Nxd4 Nxd4 11. Qxd4 Bd6 12. h3 O-O-O 13. Qe3 h5 14. Nc3 Rhe8 15. Qg5 Bxc4 16. Bxc4 Qxc4 17. Be3 Kb8 18. Rfd1 Ka8 19. Rac1 Bb8 20. Qxg7 Qc6 21. Rxd8 Rxd8 22. Bg5 Rd6 23. Qxf7 Ne4 24. h4 Nxc3 25. bxc3 Qxc3 26. Qxh5 Qe5 27. g3 Rd2 28. Qf3 Rxa2 29. Be3 Ra1 30. Kg2 Rxc1 31. Bxc1 a5 32. h5 Qc5 33. Be3 Qe7 34. Qd5 Qc7 35. Bf4 Qb6 36. Qf7 Qa6 37. Qg8 Qa7 38. h6 {erfasst durch pgnApp - www.pgn-app.com} 1-0

[Event "Sparkassen Chess Trophy 2024 A-Open"]
[Site "Dortmund"]
[Date "2024.08.16"]
[Round "7"]
[White "Gluma, Christian"]
[Black "Kosev, Momchil"]
[Result "1-0"]
[WhiteElo "2091"]
[BlackElo "1988"]
[PlyCount "97"]
[EventDate "2024.08.10"]

1. e4 e5 2. Nf3 Nc6 3. Bc4 Bc5 4. c3 Nf6 5. d3 O-O 6. O-O d5 7. exd5 Nxd5 8. a4 Bf5 9. b4 Be7 10. a5 a6 11. Qc2 b5 12. axb6 Nxb6 13. Qd2 Nxc4 14. dxc4 Qxd2 15. Nbxd2 e4 16. Ne1 Bf6 17. Ra3 Ne5 18. Nc2 Nd3 19. Ne3 Bg6 20. Nd5 Bg5 21. Nb3 Nxc1 22. Nxc1 Ra7 23. Nb3 c6 24. Ne3 f5 25. Nd4 f4 26. Ng4 Rc8 27. Ne5 Be8 28. c5 Bf6 29. Nc4 Bxd4 30. cxd4 Rb8 31. Rb1 Bf7 32. Nd6 Bd5 33. Ra4 g5 34. Kf1 h6 35. Ke1 Rd8 36. Kd2 Rxd6 37. cxd6 Bc4 38. Re1 Bd5 39. Kc3 Kf7 40. g3 Ke6 41. gxf4 gxf4 42. Rg1 Kf5 43. d7 Rxd7 44. Rxa6 Re7 45. Ra8 e3 46. Rf8+ Ke4 47. fxe3 f3 48. Kd2 Bf7 49. Rg4+ {erfasst durch pgnApp - www.pgn-app.com} 1-0